000 01083nam a2200325 i 4500
003 DO-SdBNP
005 20251124131940.0
007 ta
008 230413b2005 dr ||||| |||| 00| 0 spa d
020 _z8816 X
040 _aDO-SdBNP
_bspa
_cBNPHU
_erda
041 _aspa
082 4 _aRD864.44
_bG492a
_222
100 _aGinebra Giudicelli, Freddy,
_d1944-
_eautor
_97342
245 1 0 _aAntes de que pierda la memoria /
_cFreddy Ginebra Giudicelli ; prólogo Camilo Venegas ; edición Vitalina Alfonso
250 _aSegunda edición
264 _aSanto Domingo :
_bCasa de teatro,
_c2005.
300 _a268 páginas ;
_c20 cm.
336 _ardacontent
_btexto
_2txt
337 _ardamedia
_bsin mediación
_2n
338 _ardacarrier
_bvolumen
_2nc
500 _aIncluye datos biográficos del autor en las solapas.
590 _aInventariado, 2023/BT
650 0 _aCuentos dominicanos
_9176
650 0 _aLiteratura dominicana.
_967
700 1 _aVenegas, Camilo,
_eprólogo
_96960
700 1 _aAlfonso, Vitalina,
_eedición
_983249
910 _aBtavárez
942 _2ddc
_cLBS1
999 _c53228
_d53228